000 00363nam a2200169Ia 4500
003 IT-RoPAU
008 120407s9999 xx 000 0 und d
040 _aIT-RoPAU
040 _cIT-RoPAU
100 _aPeter Bamm
245 _aGli antichi luoghi del cristianesimo
250 _aMilano
260 _aGarzanti
300 _c cm
490 _v1
942 _cBK
999 _c6439
_d6439